Yhdistetyt valtiot #7 - Statistics

Yleistilastot
  • Tätä visaa on pelattu 1 513 kertaa
  • Keskiarvotulos 14 / 20
Vastaukset kartalla
Vastauksille on annettu kartalla punavihreä väri sen mukaan, kuinka moni on saanut sen oikein.
 
Vastaustilastot
Yhdistetyt valtiot % Oikein
Yhdysvallat
95%
Ranska
91%
Kanada
90%
Espanja
87%
Egypti
86%
Puola
85%
Chile
80%
Valko-Venäjä
78%
Argentiina
74%
Libya
74%
Iran
71%
Irak
66%
Angola
64%
Intia
58%
Sambia
57%
Kolumbia
54%
Ecuador
53%
Nepal
53%
Laos
48%
Vietnam
47%
Ehtoja vastaavia visoja ei löytynyt
Tulosjakauma
Jokaisen tuloksen saaneiden osuus
Persentiili vastausten määrän mukaan
Tuloshistoriasi
Et ole pelannut tätä visaa